000 01489nam a2200409 i 4500
001 55914
003 KOSZ 005
005 20240405063208.0
008 080116s2007 pl a |011 0dpol
015 _aPB 2008/3896
020 _a9788301153090
040 _aWA N
_cWA N
_dKOSZ 005/HR
046 _k2007
080 _a338.22"1989/..."
080 _a(082.1)
245 0 0 _aPolityka ekonomiczna :
_bwspółczesne wyzwania /
_cred. nauk. Mirosława Klamut.
260 _aWarszawa :
_bWydawnictwo Naukowe PWN,
_c2007.
300 _a391, [1] s. :
_bil. ;
_c25 cm.
336 _2rdacontent
_aTekst
_btxt
337 _2rdamedia
_aBez urządzenia pośredniczącego
_bn
338 _2rdacarrier
_aWolumin
_bnc
380 _aKsiążki
388 _a2001-
500 _aPubl. została przygotowana z okazji jubileuszu osiemdziesiątych urodzin prof. Bolesława Winiarskiego.
504 _aBibliogr. publ. B. Winiarskiego s. 383-388 oraz s. 375-382. Indeks.
600 1 7 _aWiniarski, Bolesław
_d(1925-2008)
648 7 _a1901-2000
648 7 _a1989-2000
648 7 _a2001-
650 4 _aPolityka gospodarcza
655 4 _aKsięga pamiątkowa
658 _aGospodarka, ekonomia, finanse
700 1 _aKlamut, Mirosława
_d(1944- )
_eRedakcja
710 2 _aWydawnictwo Naukowe PWN
_4pbl.
856 _uhttp://koha.tu.koszalin.pl/cgi-bin/koha/opac-detail.pl?biblionumber=55914
_yKatalog online BPK
942 _2UKD
_cKS
999 _c55914
_d55914